000 00533nam a22001817a 4500
999 _c188865
_d188865
005 20220606170806.0
010 _aENG-133014
020 _c360.00
035 _aEN-116546
037 _bDBAD/PUB
082 _aS
100 _aPoornalingam, R.
245 _aChange Management Strategies to Transform your Organisation/
_cR.Poornalingm
260 _aMadras
_bProductivity & Quality Publishing P.Ltd.
_c2017
270 _a38, Thanikachalam Road, T.Nagar
_bMadras
_e600017
300 _a180p.
_c21cm(pbk)
942 _2ddc
_cEN
_hS
_mPOO